| 000 | 02956nam a2200673 i 4500 | ||
|---|---|---|---|
| 001 | 54663 | ||
| 003 | KOSZ 005 | ||
| 005 | 20220627113450.0 | ||
| 008 | 210803s2006 pl a f 001 0 pol | ||
| 015 | _aUWD 2006/22244 | ||
| 020 | _a8389316544 | ||
| 035 | _a991031649789705066 | ||
| 035 | _a(PL-WaBN)b18518266-48omnis_nlop | ||
| 035 | _ab18518266 | ||
| 035 | _a(OCoLC)749522051 | ||
| 035 | _azz2006771792 | ||
| 035 | _a(PL)b0000001851826 | ||
| 035 | _a(EXLNZ-48OMNIS_NETWORK)9910194775905606 | ||
| 040 |
_aWA N _cWA N _dKOSZ 005/RW |
||
| 041 | 0 |
_apol _beng |
|
| 046 | _k2006 | ||
| 080 | _a002.5 | ||
| 080 | _a(075.8) | ||
| 245 | 0 | 0 |
_aInformacja naukowa : _brozwój, metody, organizacja = Information science : development, methods, organisation / _cpod redakcją Zbigniewa Żmigrodzkiego oraz Wiesława Babika i Diany Pietruch-Reizes ; [poszczególne rozdziały opracowali Anna Augustyniak et al.] ; [recenzent: Marta Grabowska] ; Stowarzyszenie Bibliotekarzy Polskich. |
| 246 | 3 | 1 |
_aInformation science : _bdevelopment, methods, organisation |
| 250 | _aWydanie I. | ||
| 260 |
_aWarszawa : _bWydawnictwo Stowarzyszenia Bibliotekarzy Polskich, _c2006. |
||
| 300 |
_a318 stron : _bilustracje ; _c24 cm. |
||
| 336 |
_aTekst _btxt _2rdacontent |
||
| 337 |
_aBez urządzenia pośredniczącego _bn _2rdamedia |
||
| 338 |
_aWolumin _bnc _2rdacarrier |
||
| 380 | _aKsiążki | ||
| 380 | _aPublikacje dydaktyczne | ||
| 385 |
_mPoziom nauczania _aSzkoły wyższe |
||
| 388 | 1 | _a2001- | |
| 490 | 1 |
_aNauka, Dydaktyka, Praktyka = _aScience, Didactics, Practice ; _v79 |
|
| 504 | _aBibliografia na stronach 284-[300] i przy rozdziałach. Indeksy. | ||
| 546 | _aStreszczenie w języku angielskim. Spis treści także w języku angielskim. | ||
| 650 | 7 |
_aInformacja naukowa _2DBN |
|
| 655 | 7 |
_aPodręczniki akademickie _2DBN |
|
| 658 | _aBibliotekarstwo, archiwistyka, muzealnictwo | ||
| 700 | 1 |
_aAugustyniak, Anna _c(bibliotekarz) _eAutor |
|
| 700 | 1 |
_aBabik, Wiesław _d(1956- ) _eAutor _eRedakcja |
|
| 700 | 1 |
_aBajor, Agnieszka _d(1973- ) _eAutor |
|
| 700 | 1 |
_aFrączek, Renata _eAutor |
|
| 700 | 1 |
_aKoziara, Andrzej _c(bibliotekarz) _eAutor |
|
| 700 | 1 |
_aPietruch-Reizes, Diana _eAutor _eRedakcja |
|
| 700 | 1 |
_aPulikowski, Arkadiusz _eAutor |
|
| 700 | 1 |
_aReizes-Dzieduszycki, Jerzy _eAutor |
|
| 700 | 1 |
_aTomaszczyk, Jacek _c(bibliotekoznawca) _eAutor |
|
| 700 | 1 |
_aŻmigrodzki, Zbigniew _d(1931- ) _eAutor _eRedakcja |
|
| 700 | 1 |
_aGrabowska, Marta _d(1948- ) _eRecenzja |
|
| 710 | 2 | _aStowarzyszenie Bibliotekarzy Polskich | |
| 710 | 2 |
_aWydawnictwo Stowarzyszenia Bibliotekarzy Polskich _4pbl |
|
| 830 | 0 |
_aNauka, Dydaktyka, Praktyka _v79 |
|
| 856 |
_uhttp://koha.tu.koszalin.pl/cgi-bin/koha/opac-detail.pl?biblionumber=54663 _yKatalog online BPK |
||
| 942 |
_2UKD _cKS |
||
| 999 |
_c54663 _d54663 |
||